| 000 | 00960nam a2200301 i 4500 | ||
|---|---|---|---|
| 003 | EG-GICUC | ||
| 005 | 20260204115130.0 | ||
| 008 | 260204s1973 fr ||||fr ||| 00| 0 fre d | ||
| 020 | _a2247004601 | ||
| 040 |
_aEG-GICUC _cEG-GICUC _dEG-GICUC _erda _bfre |
||
| 041 | 0 | _afre | |
| 082 | 0 | 4 |
_221 _a341.84 _bDE . R |
| 092 | 0 | 4 | _221 |
| 099 | _aLaw1 12 341.84 DE . R 1973 | ||
| 100 | 1 |
_aDeby-Gérard,France _eAuteur |
|
| 245 |
_aLe Rôle De La Règle De Conflit Dans Le Règlement Des Rapports Internationaux . _hV16 / _cFrance Deby-Gérard . |
||
| 264 | 0 |
_aFrance : _bLibrairie Dalloz , _c1973 . |
|
| 300 |
_a457 Pages; _c30 cm. |
||
| 336 |
_atext _2rda content |
||
| 337 |
_aComputer _2rda media |
||
| 338 |
_aOnline Resource _2rda carrier |
||
| 546 | _aTexte en français | ||
| 650 | 0 | 4 | _aDroit international privé |
| 650 | 0 | 4 | _aConflit de lois |
| 856 | _uhttps://fll.law.cu.edu.eg/fulltext/th/B12-02499.pdf | ||
| 905 | _a59 | ||
| 942 |
_2ddc _cBK _e21 _n0 |
||
| 999 |
_c60849 _d60849 |
||